| 000 | 00914nas a2200289 4500 | ||
|---|---|---|---|
| 001 | BR0201277 | ||
| 003 | BR-BrBNA | ||
| 005 | 20231205102807.0 | ||
| 007 | ta | ||
| 008 | 230509b bl.|||p| |||| 00| 00por d | ||
| 040 |
_aBR-BrBNA _bpor _cBiblioteca Nacional de Agricultura |
||
| 041 | _a(Pt) | ||
| 072 | _aF01 | ||
| 100 | 1 | _aRodrigues, M.V.G. | |
| 100 | 1 | _aSouto, R.F. | |
| 100 | 1 | _aMenegucci, J.L.P. | |
| 245 | 1 | _aInfluência do ensacamento do cacho na produção de frutos da bananeira-"Prata-Anã" irrigada, na região norte de Minas Gerais | |
| 650 | _aBANANA | ||
| 650 | _aFLORAÇÃO | ||
| 650 | _aCOLHEITA | ||
| 650 | _aCARACTERÍSTICAS AGRONÔMICAS | ||
| 650 | _aQUALIDADE | ||
| 650 | _aMINAS GERAIS | ||
| 773 | 0 |
_tRevista Brasileira de Fruticultura (Brazil) _xISSN 0100-2945 _g(Dec 2001), v. 23(3) p. 559-562 _wBR0201277 |
|
| 909 |
_a202311 _bLúcia _c55 _dLúcia Elande |
||
| 942 |
_2AGRIS _n0 _cANA |
||
| 999 |
_c169350 _d169350 |
||